Associe les premières paroles à la chanson de Werenoi - Statistiques

Statistiques générales
  • Ce quiz a été pris 1 295 fois
  • Le résultat moyen est 15 sur 27
Statistiques - réponses
Hint Réponse % Correct
Dans le ____, on fait pas d'faute éliminatoire Laboratoire
95%
La réussite se compte en années, les défaites, en heures Chemin d'or
92%
Trop de haine que j'mets ____ ____ ____ Dans un verre
89%
Je suis plus très loin du soleil Pétunias
87%
Elle est ____, ____ (Ouais), Fiat 500, elle donne pas l'heure parce qu'elle est ____ Mauvaise
86%
J'ai rien dit, rien vu, rien entendu comme les ____ ____ 3 singes
71%
J'fais crier l'bordel dans le tunnel, j'ai dû couper les ponts, p'tit con Pyramide
71%
Ils parleront sur mon dos mais ça, j'le sais Maudit
70%
On rit, on pleure, on vit, on meurt Jamal
67%
J'fais crier le moteur sur les champs Tu connais
66%
Ils feront tout pour m'ressembler, ils ont pas peur pour leur santé All eyes on me
65%
On aime ____ ___ _, vu des dizaines de villas , conduit des dizaines de bolides 7 vie la
64%
J'connais pas d'surhumains, j'ai mon fer sur moi, gros, y a trop d'sournois Solitaire
55%
Ils parlent de Ketama, ils allaient même pas la chercher en Île de France Ciao
52%
Ils font pas trop de débit, beaucoup trop de bleh, pas trop de délits, pas de ____ Crédibilité
50%
On met pas d'montres pour l'heure, elles sont pas à l'heure, ici, on juge au poignet Intro rolex
49%
Quatre raclis dans quatre anneaux, c'est carré, j'n'ai pas le temps mais j'ai quatre montres Maison hantée
42%
J'ouvre à 11.45, toujours 11.43 à côté Selfie
40%
Mon renoi, très peu de sommeil, Beaucoup de soleil Virus
35%
Sirote ton verre vers Alicante, tu sais qui sont les trafiquants Déjà-vu
33%
Paraît-il qu'ils ont peur de nous, c'est des gros trimards, c'est des grosses tapettes Vulgaire
31%
Ah, si tu savais, ah, si vous saviez, ah, si ils savaient Figaro
27%
On a trop perdu notre temps à s'tromper d'chemin, à marcher avec Sheitan Balmain
26%
J'ai une sale gueule sous la visière, c'est moi ou toi sur la civière Sale histoire
26%
Ils ont pas fait c'qu'on a fait, ils font les blindés pour skalape Ordinateur
23%
J'les aime avec des bas-résilles et j'aime visser dans Paris-Six Le sas
21%
J'regarde la lune, j'regarde ma montre, j'vois que le temps passe vite Ndrangheta
19%
Aucun quiz correspondant
Distribution des résultats
% des personnes avec chaque résultat
Percentile par nombre de réponses
Votre historique - résultats
Vous n’avez pas pris ce quiz